| 000 | 00734nam a2200241 a 4500 | ||
|---|---|---|---|
| 005 | 20191224041518.0 | ||
| 008 | 140219b1995 nyu||||| |||| 00| 0 spa d | ||
| 020 | _a0684187108 | ||
| 040 |
_aCO-BoIAVH _cCO-BoIAVH |
||
| 041 | _aeng | ||
| 082 |
_a577.09 _bF37t |
||
| 100 | 1 |
_aForsyth, Adrian _96996 |
|
| 245 | 1 |
_aTropical nature _blife and death in the rain forest of Central and South America |
|
| 260 |
_aNueva York _bSimon AND Shuster _c1995 |
||
| 300 | _a248 paginas | ||
| 650 | 6 |
_aRecursos naturales _947990 |
|
| 650 | 6 |
_aBosque húmedo tropical _93501 |
|
| 650 | 6 |
_aEcología forestal _947992 |
|
| 650 | 6 |
_aEcología de poblaciones _93557 |
|
| 662 | _cAmérica Latina | ||
| 700 |
_aMiyata, Kenneth _96999 |
||
| 942 |
_cLIBRO _2ddc |
||
| 999 |
_c225 _d225 |
||